000 00681nam a2200289Ia 4500
005 20260324123145.0
008 008 260324s9999 xx 000 0 eng d
020 _a9780429065576
037 _aEBOOK
040 _aCRL
040 _beng
040 _cCRL
041 _2eng
041 _aeng
084 _qCRL
100 _aLuca Callegaro
_91169240
245 0 _aElectrical Impedance
245 0 _bPrinciples, Measurement, and Applications
260 _bTaylor and Francis
260 _c2012
365 _a
365 _b435
856 _uhttp://www.taylorfrancis.com/books/9780429065576
942 _cEBOOK
999 _c1762515
_d1762515